00562nam a2200205Ia 450000500170000000800410001702000180005804000180007604100080009408200220010210000150012424500630013925000120020226000500021430000180026465000210028270000200030370000140032370000190033720221027104450.0210716s2007 xx 000 0 und d a9788173198342 cAIMIT LIBRARY aeng a006.671 21bQIAK aQian, Kai. aJava web development illuminated.cBy Kai Qian...[et.al.]. a1st ed. aNew Delhi :bNarosa Publishing House ,c2007. axvi,702p.bPB aJava Programming aAllen, Richard. aGan, Mia. aBrown, Robert.